Tilastot visalle Suomen pisimmät joet

Klikkaa tästä pelataksesi tätä visaa!

Yleistilastot

  • Tätä visaa on pelattu 1 173 kertaa
  • Keskiarvotulos 10 / 32

Vastaustilastot

Pituus kmJoki% Oikein
550Kemijoki
87%
180Tornionjoki
77%
107Oulujoki
73%
180Kymijoki
65%
130Kalajoki
60%
330Iijoki
59%
162Pyhäjoki
56%
152Tenojoki
54%
101Vantaanjoki
52%
150Kokemäenjoki
50%
152Siikajoki
49%
298Ounasjoki
32%
230Muonionjoki
32%
172Simojoki
29%
127Kyrönjoki
25%
147Lapuanjoki
25%
130Porvoonjoki
24%
155Perhonjoki
22%
170Ivalojoki
19%
170Kiiminkijoki
16%
278Kitinen
14%
105Oulankajoki
13%
227Luiro
12%
114Loimijoki
11%
105Paimionjoki
8%
110Karvianjoki
7%
125Livojoki
6%
120Siuruanjoki
5%
150Raudanjoki
5%
110Vaskojoki
4%
105Nuorittajoki
4%
105Kiehimänjoki
4%

Tulosjakauma

Persentiili vastausten määrän mukaan

Jokaisen tuloksen saaneiden osuus

Tuloshistoriasi

Et ole pelannut tätä visaa